Grupos de cinco - Argentina - Estadísticas

Estadísticas generales
  • Esta prueba ha sido intentada 88 veces
  • La puntuación promedio es 30 de 50
Estadísticas de respuestas
Grupo Respuesta % Correcto
Países Limítrofes Brasil
97%
Países Limítrofes Chile
97%
Países Limítrofes Uruguay
97%
Países Limítrofes Bolivia
96%
Provincias costeras Buenos Aires
93%
Las cinco ciudades más pobladas Buenos Aires
93%
Los últimos cinco presidentes Javier Milei
93%
Países Limítrofes Paraguay
93%
Clubes con más títulos del fútbol argentino Boca Juniors
90%
Los últimos cinco presidentes Cristina Fernández de Kirchner
90%
Clubes con más títulos del fútbol argentino River Plate
90%
Las cinco ciudades más pobladas Córdoba
88%
Los últimos cinco presidentes Alberto Fernández
87%
Clubes con más títulos del fútbol argentino Independiente
87%
Los últimos cinco presidentes Néstor Carlos Kirchner
87%
Los últimos cinco presidentes Mauricio Macri
85%
Clubes con más títulos del fútbol argentino Racing Club
85%
Los cinco picos más altos Aconcagua
84%
Futbolistas más valiosos de 2025 Enzo Fernández
84%
Clubes con más títulos del fútbol argentino San Lorenzo
84%
Ríos más largos Paraná
81%
Provincias costeras Río Negro
81%
Provincias costeras Tierra del Fuego
79%
Provincias costeras Chubut
78%
Las cinco ciudades más pobladas Rosario
78%
Provincias costeras Santa Cruz
78%
Futbolistas más valiosos de 2025 Julián Álvarez
75%
Marcas más valiosas Mercado Libre
63%
Las cinco ciudades más pobladas Mendoza
61%
Futbolistas más valiosos de 2025 Lautaro Martínez
60%
Las cinco ciudades más pobladas Tucumán
51%
Futbolistas más valiosos de 2025 Cristian Romero
40%
Ríos más largos Pilcomayo
37%
Futbolistas más valiosos de 2025 Alexis Mac Allister
36%
Marcas más valiosas YPF
36%
Ríos más largos Salado del Norte
33%
Ganadores del premio Nobel Adolfo Pérez Esquivel
30%
Ríos más largos Bermejo
25%
Los cinco picos más altos Ojos del Salado
22%
Ganadores del premio Nobel Bernardo Houssay
19%
Ganadores del premio Nobel César Milstein
16%
Ganadores del premio Nobel Luis Federico Leloir
16%
Ganadores del premio Nobel Carlos Saavedra Lamas
15%
Marcas más valiosas Banco Macro
13%
Marcas más valiosas Globant
13%
Los cinco picos más altos Monte Pissis
10%
Los cinco picos más altos Cerro Mercedario
9%
Marcas más valiosas Banco Galicia
7%
Los cinco picos más altos Cerro Bonete Chico
6%
Ríos más largos Desaguadero
6%
No se encontraron pruebas coincidentes
Distribución de puntuación
Porcentaje de gente con cada puntuación
Porcentaje por número respondido
Historial de tus puntuaciones
No has intentado esta prueba.